Get to the Top: (Record no. 190653)

MARC details
000 -LEADER
fixed length control field 00587nam a22001817a 4500
005 - DATE AND TIME OF LATEST TRANSACTION
control field 20220802105729.0
010 ## - LCCN (DPL NO)
LC control number ENG-134146
020 ## - INTERNATIONAL STANDARD BOOK NUMBER
International Standard Book Number 9788184001860
Terms of availability 250.00
035 ## - SYSTEM CONTROL NUMBER
System control number EN-117678
037 ## - SOURCE OF ACQUISITION
Source of stock number/acquisition DBAB/PUB
082 ## - DEWEY DECIMAL CLASSIFICATION NUMBER
Classification number 158.1
100 ## - MAIN ENTRY--PERSONAL NAME
Personal name Seth, Suhel
245 ## - TITLE STATEMENT
Title Get to the Top:
Remainder of title The Ten Rules for Social Success/
Statement of responsibility, etc Suhel Seth
260 ## - PUBLICATION, DISTRIBUTION, ETC. (IMPRINT)
Place of publication, distribution, etc Uttar Pradesh
Name of publisher, distributor, etc Random House Publishers India Private Limited
Date of publication, distribution, etc 2011
270 ## - ADDRESS
Address Windsor IT Park, 7th Floor, Tower-B, A-1, Sector 125
City Noida
Postal code 201301
300 ## - PHYSICAL DESCRIPTION
Extent 194p.
Dimensions 20cm(hb)
942 ## - ADDED ENTRY ELEMENTS (KOHA)
Source of classification or shelving scheme Dewey Decimal Classification
Item type English Books
Classification part 158.1
Call number suffix SET
Holdings
Withdrawn status Lost status Not for loan Collection code Home library Current library Date acquired Source of acquisition Cost, normal purchase price Full call number Barcode Copy number Cost, replacement price Koha item type
      Non-fiction Bawana Bawana 02/08/2022 DBAD/PUB 250.00 158.1 SET EN-117678 1 250.00 English Books

© Delhi Public Library
Hit Counter
free hit counter